000 00582nam a2200217Ia 4500
005 20230503113725.0
008 131103s9999 xx 000 0 und d
040 _aLoreto College
041 _aEnglish
082 _a823.8
_bELI-MAC
100 _aMckenzie, K.A.
245 _aEdith simcox and George Eliot
_cK.A.Mckenzie
260 _aLondon
_bOxford university press
_c1961
300 _a146p.
504 _aInclutes index
630 _aEnglish fiction-ciriticism
650 _aEliot, George-ciriticism
651 _aEnglish literature
850 _aLCLIB
942 _cBK
999 _c22558
_d73037